Main sponsor Serie A - Statistics

Statistiche generali
  • Questo quiz è stato fatto 69 volte
  • Il punteggio medio è 6 su 20
Statistiche sulle risposte
SQUADRA SPONSOR % Corretto
Juventus Jeep
83%
Atalanta Lete
70%
Milan Emirates
54%
Napoli Msc
52%
Inter Betsson
48%
Bologna Saputo
41%
Torino Suzuki
41%
Udinese Io sono friuli venezia giulia
29%
Fiorentina Mediacom
29%
Como Uber
27%
Cagliari Moby
24%
Empoli Computer gross
21%
Venezia Cynar
21%
Monza Motorola
19%
Roma Riyadh
17%
Lecce Deghi
16%
Genoa Pulsee
16%
Parma Prometeon
13%
Hellas verona 958 Santero
11%
Lazio Aeroitalia
11%
Nessun quiz corrispondente trovato
Distribuzione punteggi
Percentuale di utenti per punteggio
Percentile per numero di risposta
I tuoi punteggi nel tempo
Non hai fatto questo quiz